Elementos tabla periódica que empiezan por la A - Estadísticas

Estadísticas generales
  • Esta prueba ha sido intentada 42 veces
  • La puntuación promedio es 5 de 8
Estadísticas de respuestas
Elemento % Correcto
Argon
88%
Aluminio
84%
Arsenico
72%
Antimonio
59%
Astato
56%
Americio
50%
Azufre
50%
Actinio
34%
No se encontraron pruebas coincidentes
Distribución de puntuación
Porcentaje de gente con cada puntuación
Porcentaje por número respondido
Historial de tus puntuaciones
No has intentado esta prueba.